000 00581cam a22002057a 4500
001 000459
003 armpunfd
005 20140612090611.0
008 011019e1984####xx#a##########000#0#und#d
040 _aarmpunfd
_carmpunfd
080 _a347.645 H 411
100 1 0 _a Hepp, Osvaldo Teodoro
245 1 0 _aInternacion de menores y sus problemas sociales
260 _a Buenos Aires
_b Depalma
_c1984
300 _a268 p.
650 7 _a Derecho De Familia
_x Argentina
_2LEMB
650 7 _a Reformatorios
_x Argentina
_2LEMB
942 _cLB
_2cdu
945 _aCatalis
_d2010-08-19
999 _c457
_d230961